[Event "8th ch-Euro"]
[Site "Dresden GER"]
[Date "2007.04.03"]
[Round "1"]
[White "Kottwitz,D"]
[Black "Kunin,V"]
[Result "0-1"]
[WhiteElo "2066"]
[BlackElo "2507"]
[EventDate "2007.04.03"]

1. e4 b6 2. d4 Bb7 3. Nc3 e6 4. a3 d6 5. Nf3 g6 6. Bd3 Bg7 7. O-O Ne7 8.
Be3 O-O 9. Qd2 Re8 10. Bh6 Bh8 11. Qf4 Nec6 12. e5 Nd7 13. exd6 cxd6 14.
Qxd6 Nxd4 15. Nxd4 Be5 16. Nc6 Bxd6 17. Nxd8 Rexd8 18. Be4 Bxe4 19. Nxe4
Be5 20. c3 Nc5 21. Nxc5 bxc5 22. Rfe1 Bg7 23. Be3 c4 24. Rad1 a6 25. Kf1
Kf8 26. Ke2 Ke7 27. Rxd8 Rxd8 28. Rd1 Rxd1 29. Kxd1 Kd7 30. Kc2 Kc6 31. b3
Kd5 32. b4 Be5 33. h3 Bb8 34. a4 f5 35. f3 f4 36. Bf2 e5 37. a5 Bc7 38. Kd2
g5 39. Kc2 h5 40. Kb2 Bd6 41. Bb6 Be7 42. Kc2 Bf6 43. Kd2 Kc6 44. Kc2 Kb5
45. Bc7 Kc6 46. Bb6 Kd5 47. Kd2 g4 48. hxg4 hxg4 49. Bc7 Kc6 50. Bb8 Kb7
51. Bd6 Kc6 52. Bb8 g3 53. Kc2 Kb7 54. Bd6 Kc6 55. Bb8 Kd5 56. Kd2 Bd8 57.
Ke2 Bg5 58. Bc7 Bh6 59. Bb8 Bg7 60. Kd2 Kc6 61. Kc2 Kb7 62. Bd6 e4 63. fxe4
f3 64. gxf3 g2 65. Bc5 Be5 66. Bg1 Bb8 67. e5 Bxe5 68. Kd2 Kc6 69. Kc2 Bd6
70. Kd2 Bf4+ 71. Ke2 Be5 72. f4 Bxf4 73. Kf3 Bd2 74. Kxg2 Bxc3 75. Bc5 Bb2
76. Kf2 c3 77. Bd4 Kb5 78. Ke3 Kxb4 79. Kd3 Kb3 0-1

[Event "8th ch-Euro"]
[Site "Dresden GER"]
[Date "2007.04.03"]
[Round "1"]
[White "Starostits,I"]
[Black "Kleinert,J"]
[Result "1-0"]
[WhiteElo "2472"]
[BlackElo "2060"]
[EventDate "2007.04.03"]

1. e4 e5 2. Nf3 d5 3. exd5 Bd6 4. d4 e4 5. Ne5 Nf6 6. c4 O-O 7. Nc3 Re8 8.
Be2 c5 9. dxc6 Nxc6 10. Nxc6 bxc6 11. Bg5 Qc7 12. c5 Bf4 13. Bxf4 Qxf4 14.
Qd2 Qh4 15. Qe3 Rb8 16. O-O-O Nd5 17. Nxd5 cxd5 18. Kb1 Bd7 19. Rc1 Bc6 20.
Rc3 f5 21. g3 Qf6 22. Ra3 Rb4 23. Rd1 Reb8 24. Rd2 Ba4 25. Rc3 Qc6 26. g4
Qb7 27. b3 f4 28. Qh3 f3 29. Bd1 a5 30. Qg3 Bc6 31. Qd6 a4 32. Kc1 axb3 33.
Bxb3 Qa8 34. Rb2 h6 35. h4 Kh8 36. g5 hxg5 37. hxg5 Qa6 38. Qh2+ Kg8 39.
Qh3 Rxd4 40. Bxd5+ Bxd5 41. Rxb8+ Kf7 42. Qf5+ 1-0

[Event "8th ch-Euro"]
[Site "Dresden GER"]
[Date "2007.04.03"]
[Round "1"]
[White "Grigoryan Lyell,M"]
[Black "Dgebuadze,A"]
[Result "0-1"]
[WhiteElo "2061"]
[BlackElo "2504"]
[EventDate "2007.04.03"]

1. Nf3 g6 2. g3 Bg7 3. d4 f5 4. Bg2 Nf6 5. O-O O-O 6. c3 c6 7. Bf4 h6 8.
Na3 d6 9. Qb3+ Kh7 10. Rad1 Na6 11. c4 Qe8 12. Nc2 g5 13. Be3 Qh5 14. Nb4
Nc7 15. Qd3 Kh8 16. c5 Be6 17. cxd6 exd6 18. Rfe1 a5 19. Nc2 Qf7 20. Bxg5
hxg5 21. Nxg5 Qh5 22. Nxe6 Nxe6 23. e4 fxe4 24. Qb3 Rae8 25. h4 Rf7 26. Qa3
d5 27. Qxa5 Ng4 28. Rd2 Ref8 29. Rxe4 b6 0-1

[Event "8th ch-Euro"]
[Site "Dresden GER"]
[Date "2007.04.03"]
[Round "1"]
[White "Jianu,V"]
[Black "Chapman,Al"]
[Result "1-0"]
[WhiteElo "2498"]
[BlackElo "2069"]
[EventDate "2007.04.03"]

1. d4 e6 2. Nf3 Nf6 3. c4 Bb4+ 4. Bd2 a5 5. g3 d6 6. Bg2 Nbd7 7. O-O e5 8.
Bg5 exd4 9. Nxd4 O-O 10. a3 Bc5 11. Nc3 h6 12. Bf4 Re8 13. b3 Ne5 14. Bc1
c6 15. Bb2 Bd7 16. h3 Qe7 17. e3 Rad8 18. Qc2 Ba7 19. Rad1 Bb8 20. e4 Qf8
21. f4 Ng6 22. Qd3 Bc8 23. Kh1 Nd7 24. Qf3 Nb6 25. a4 Ne7 26. g4 d5 27.
cxd5 cxd5 28. e5 Ng6 29. Ncb5 f6 30. Ba3 Qf7 31. Bc5 fxe5 32. Bxb6 exd4 33.
Bxd8 Rxd8 34. Rxd4 Nh4 35. Qf2 Nxg2 36. Kxg2 Re8 37. Qf3 b6 38. Nc3 Bd6 39.
Nxd5 Bc5 40. Re4 Rd8 41. Rd1 Bb7 42. Re5 g6 43. Qe4 Kg7 44. Re6 Bd6 45. h4
1-0

[Event "8th ch-Euro"]
[Site "Dresden GER"]
[Date "2007.04.03"]
[Round "1"]
[White "Fink,L"]
[Black "Maze,S"]
[Result "0-1"]
[WhiteElo "2064"]
[BlackElo "2506"]
[EventDate "2007.04.03"]

1. e4 c5 2. Nf3 Nc6 3. c3 Nf6 4. e5 Nd5 5. d4 cxd4 6. cxd4 d6 7. Bc4 Nb6 8.
Bb5 dxe5 9. Nxe5 Bd7 10. Nxd7 Qxd7 11. O-O e6 12. Bg5 Bd6 13. Nc3 O-O 14.
Ne4 Nd5 15. Rc1 h6 16. Bd2 Rfc8 17. Qa4 Nb6 18. Qd1 Qe7 19. Bxc6 Rxc6 20.
Rxc6 bxc6 21. Qh5 Nd5 22. Rc1 Rc8 23. Qe2 Qc7 24. g3 Be7 25. Qa6 Qd7 26.
Ba5 f5 27. Nd2 Bg5 28. Rc2 Bxd2 29. Bxd2 Kf7 30. b4 Ne7 31. Be3 Rb8 32. a3
Rb5 33. Rc5 g5 34. Qa4 Nd5 35. Qc2 Rxc5 36. dxc5 e5 37. Bc1 e4 38. Qc4 Kg6
39. Bb2 e3 40. Qd4 Qe8 41. fxe3 Nxe3 42. Qd6+ Kh5 43. Qd4 Ng4 44. Qd2 f4
45. h3 Ne3 46. g4+ Kh4 47. Bg7 0-1

[Event "8th ch-Euro"]
[Site "Dresden GER"]
[Date "2007.04.03"]
[Round "1"]
[White "Meier,Geo"]
[Black "Schiefner,R"]
[Result "1-0"]
[WhiteElo "2512"]
[BlackElo "2047"]
[EventDate "2007.04.03"]

1. d4 d5 2. c4 e6 3. Nc3 f5 4. Bf4 c6 5. e3 Nf6 6. Nf3 Bb4 7. Qb3 Qa5 8. a3
Bxc3+ 9. bxc3 Ne4 10. Qb4 Qxb4 11. cxb4 Nd7 12. h4 Ndf6 13. Ne5 Nh5 14. Bh2
O-O 15. Be2 Nhf6 16. f3 Nc3 17. Bd3 dxc4 18. Nxc4 Nfd5 19. Kd2 Na4 20. Rac1
Nab6 21. Na5 a6 22. Rhe1 f4 23. e4 Ne7 24. Bg1 Nd7 25. Nc4 Rd8 26. Ke2 Nf6
27. Nb6 Rb8 28. Bc4 Kf7 29. Kf1 Bd7 30. Bb3 Ng6 31. Bf2 Nh5 32. d5 exd5 33.
exd5 c5 34. bxc5 Bb5+ 35. Kg1 Re8 36. c6 1-0

[Event "8th ch-Euro"]
[Site "Dresden GER"]
[Date "2007.04.03"]
[Round "1"]
[White "Salewski,B"]
[Black "Stanojoski,Z"]
[Result "0-1"]
[WhiteElo "2043"]
[BlackElo "2504"]
[EventDate "2007.04.03"]

1. d4 g6 2. e4 Bg7 3. h4 c5 4. Nf3 cxd4 5. Nxd4 Nc6 6. Nxc6 bxc6 7. h5 Qb6
8. c3 d6 9. h6 Bf8 10. Na3 Nf6 11. Nc4 Qc7 12. Qc2 d5 13. exd5 cxd5 14. Ne3
Bd7 15. Bd2 e6 16. Bd3 Be7 17. g4 Bc6 18. Rh3 Nd7 19. f4 Qxf4 20. O-O-O Qc7
21. Re1 Nc5 22. Ng2 Rc8 23. Be3 Qa5 24. Bd4 Qxa2 25. Bxh8 Bg5+ 26. Ne3 d4
27. Bxd4 Ba4 28. Bb5+ Bxb5 29. Bxc5 Rxc5 30. Qb1 Qa6 31. Qe4 Rd5 32. Rd1
Qa1+ 33. Kc2 Ba4+ 34. b3 Qa2+ 35. Kc1 Qa3+ 36. Kb1 Qxb3+ 37. Ka1 Qa3+ 38.
Kb1 Rb5+ 0-1

[Event "8th ch-Euro"]
[Site "Dresden GER"]
[Date "2007.04.03"]
[Round "1"]
[White "Manolache,M"]
[Black "Marville,G"]
[Result "1-0"]
[WhiteElo "2491"]
[BlackElo "2020"]
[EventDate "2007.04.03"]

1. d4 d5 2. Nf3 e6 3. Bg5 f6 4. Bf4 Bd6 5. e3 Bxf4 6. exf4 Qd6 7. Qd2 Ne7
8. Bd3 b6 9. Nc3 c6 10. O-O Ba6 11. Rfe1 Bxd3 12. Qxd3 Kf7 13. g3 g6 14.
Re2 Re8 15. Rae1 Nf5 16. Nd1 Nd7 17. Ne3 Nxe3 18. Rxe3 Re7 19. Qa6 Qc7 20.
b4 Rae8 21. Qf1 Qd6 22. a3 b5 23. Qh3 Kg7 24. Qg4 Nb6 25. Nh4 Kf7 26. Rf3
Nc4 27. Qh3 Kg7 28. Qg4 Kf7 29. Kg2 Nxa3 30. Rxa3 Qxb4 31. Rae3 Qxd4 32.
Qh3 h5 33. Nf3 Qb4 34. c3 Qd6 35. Qh4 c5 36. Ra1 Ra8 37. Rae1 a5 38. f5 e5
39. fxg6+ Kxg6 40. Qh3 Qe6 41. Nh4+ Kg5 42. f4+ Kh6 43. Nf5+ Kh7 44. Qxh5+
1-0

[Event "8th ch-Euro"]
[Site "Dresden GER"]
[Date "2007.04.03"]
[Round "1"]
[White "Stips,F"]
[Black "Van der Weide,K"]
[Result "0-1"]
[WhiteElo "1964"]
[BlackElo "2476"]
[EventDate "2007.04.03"]

1. e4 c5 2. Nf3 d6 3. d4 cxd4 4. Nxd4 Nf6 5. Nc3 a6 6. Be2 e5 7. Nb3 Be6 8.
O-O Nbd7 9. a4 Rc8 10. Re1 Be7 11. Bf3 Nb6 12. a5 Nc4 13. Qd3 O-O 14. Rd1
Qc7 15. g3 Rfd8 16. Bg2 b6 17. axb6 Qxb6 18. Be3 Nxe3 19. Qxe3 Qxe3 20.
fxe3 Ng4 21. Re1 Bg5 22. Rxa6 Nxe3 23. Na5 Ra8 24. Rxa8 Rxa8 25. Nc6 Nxc2
26. Rd1 Bg4 27. Rb1 Ra6 28. h3 Be6 0-1

[Event "8th ch-Euro"]
[Site "Dresden GER"]
[Date "2007.04.03"]
[Round "1"]
[White "Geller,J"]
[Black "Glantz,R"]
[Result "1-0"]
[WhiteElo "2490"]
[BlackElo "1991"]
[EventDate "2007.04.03"]

1. e4 c5 2. Nf3 d6 3. d4 cxd4 4. Nxd4 Nf6 5. Nc3 a6 6. a4 e6 7. Be2 Be7 8.
O-O O-O 9. Kh1 Nc6 10. f4 Qc7 11. Be3 Nxd4 12. Qxd4 e5 13. Qd3 exf4 14.
Bxf4 Be6 15. Rad1 Rfd8 16. Rd2 Qb6 17. Qg3 Kh8 18. Be3 Qb4 19. Bd4 Rac8 20.
Rd3 Bc4 21. Nd5 Bxd5 22. exd5 Rg8 23. c3 Qxb2 24. Re3 Nxd5 25. Bd3 Nxe3 26.
Qxe3 Rxc3 27. Qe4 1-0

[Event "8th ch-Euro"]
[Site "Dresden GER"]
[Date "2007.04.03"]
[Round "1"]
[White "Grosse,Man"]
[Black "Wells,P"]
[Result "0-1"]
[WhiteElo "1923"]
[BlackElo "2501"]
[EventDate "2007.04.03"]

1. d4 Nf6 2. c4 e6 3. Nf3 d5 4. e3 a6 5. Nc3 dxc4 6. Bxc4 b5 7. Bd3 Bb7 8.
O-O Nbd7 9. b3 c5 10. Ne2 Bd6 11. Bb2 O-O 12. Ng3 Qe7 13. Qe2 cxd4 14. Nxd4
g6 15. Rac1 Rfc8 16. Bb1 Ba3 17. Rxc8+ Rxc8 18. Ba1 Nd5 19. Qg4 Ne5 20. Qh3
Nc3 21. f4 Nxb1 22. Rxb1 Nd3 23. Qh6 Qf8 24. Qg5 Be7 25. Qg4 Qd8 26. Rd1
Rc1 27. Qe2 Nxf4 28. Qf1 Rxd1 29. Qxd1 Nxg2 30. Qe2 Nh4 31. Qg4 Qd5 32. e4
Qc5 0-1

[Event "8th ch-Euro"]
[Site "Dresden GER"]
[Date "2007.04.03"]
[Round "1"]
[White "Ragger,M"]
[Black "Ringoir,G"]
[Result "1-0"]
[WhiteElo "2487"]
[BlackElo "1949"]
[EventDate "2007.04.03"]

1. e4 c5 2. Nf3 d6 3. d4 cxd4 4. Nxd4 Nf6 5. Nc3 a6 6. Be3 e5 7. Nb3 Be6 8.
f3 Nbd7 9. Qd2 b5 10. O-O-O Nb6 11. Qf2 Nc4 12. Bxc4 bxc4 13. Na5 Qc8 14.
Nd5 Nxd5 15. exd5 Bd7 16. f4 Rb8 17. Bd2 Be7 18. fxe5 dxe5 19. Qg3 O-O 20.
Bh6 g6 21. Qxe5 1-0

[Event "8th ch-Euro"]
[Site "Dresden GER"]
[Date "2007.04.03"]
[Round "1"]
[White "Katte,N"]
[Black "Bromberger,S"]
[Result "1-0"]
[WhiteElo "1928"]
[BlackElo "2495"]
[EventDate "2007.04.03"]

1. Nf3 Nf6 2. d4 e6 3. Bf4 b6 4. e3 Bb7 5. Bd3 Be7 6. Nbd2 c5 7. h3 O-O 8.
c3 cxd4 9. exd4 d6 10. Qc2 Re8 11. O-O-O Nbd7 12. Ng5 Nf8 13. h4 Rc8 14.
Rh3 h6 15. f3 Qd7 16. Nxf7 Kxf7 17. Rg3 Bd8 18. Bxh6 gxh6 19. Bg6+ Ke7 20.
Ne4 Bxe4 21. fxe4 Nxg6 22. e5 dxe5 23. Rxg6 e4 24. Rg7+ Kd6 25. Rxd7+ Kxd7
26. Qa4+ Kd6 27. Qxa7 Rg8 28. Qb7 Nd5 29. Qh7 e3 30. Qxg8 Bg5 31. Qxc8 e2+
32. hxg5 1-0

[Event "8th ch-Euro"]
[Site "Dresden GER"]
[Date "2007.04.03"]
[Round "1"]
[White "Iotov,V"]
[Black "Bruned,V"]
[Result "1-0"]
[WhiteElo "2505"]
[BlackElo "1945"]
[EventDate "2007.04.03"]

1. d4 Nf6 2. c4 e6 3. Nc3 Bb4 4. e3 c5 5. Nf3 Nc6 6. Bd3 Bxc3+ 7. bxc3 d6
8. e4 e5 9. d5 Ne7 10. Nd2 Qa5 11. Qc2 Bd7 12. Nf1 O-O-O 13. Ne3 g6 14. O-O
Nh5 15. g3 Bh3 16. Ng2 f6 17. Bd2 g5 18. Be2 g4 19. f3 Rhg8 20. fxg4 Bxg4
21. Qd1 f5 22. Bxg4 fxg4 23. Rf7 Qc7 24. Qe2 Rdf8 25. Rxf8+ 1-0

[Event "8th ch-Euro"]
[Site "Dresden GER"]
[Date "2007.04.03"]
[Round "1"]
[White "Simacek,P"]
[Black "Muehle,H"]
[Result "1-0"]
[WhiteElo "2501"]
[BlackElo "1944"]
[EventDate "2007.04.03"]

1. d4 d5 2. Nf3 Nf6 3. c4 dxc4 4. Nc3 Bf5 5. e3 e6 6. Bxc4 Be7 7. Qb3 Qc8
8. d5 O-O 9. dxe6 Nc6 10. Nd4 Nxd4 11. exf7+ Kh8 12. exd4 c6 13. a4 Bd6 14.
Bg5 Ng4 15. f3 Re8+ 16. fxe8=R+ Qxe8+ 17. Ne2 Bxh2 18. fxg4 Bg3+ 19. Qxg3
1-0

[Event "8th ch-Euro"]
[Site "Dresden GER"]
[Date "2007.04.03"]
[Round "1"]
[White "Hesselbarth,K"]
[Black "Jaracz,P"]
[Result "0-1"]
[WhiteElo "1929"]
[BlackElo "2483"]
[EventDate "2007.04.03"]

1. d4 Nf6 2. c4 e6 3. Nc3 Bb4 4. e3 c5 5. Bd3 Nc6 6. Nf3 Bxc3+ 7. bxc3 d6
8. e4 e5 9. d5 Ne7 10. Nd2 O-O 11. O-O h6 12. Re1 Nh7 13. Nf1 f5 14. f3 f4
15. Rb1 g5 16. g4 h5 17. h3 Kf7 18. Re2 Nf6 19. Rh2 Rh8 20. Rbb2 Ng6 21.
Rbf2 Bd7 22. Bd2 Rh6 23. Be1 Qc7 24. Rb2 Rah8 25. Qb1 b6 26. Qd1 Ne7 27.
Rbg2 Qc8 28. Be2 Qa6 29. Qb1 Ng6 30. Nd2 Qa3 31. Nf1 R8h7 32. Bd1 Qa6 33.
Be2 Ne8 34. Bd3 Nc7 35. Rb2 Ba4 36. Rbg2 Rh8 37. Rb2 Kf6 38. Rbg2 R6h7 39.
Rb2 Kf7 40. Rbg2 Ne7 41. Rb2 Ng8 42. Rbg2 Nf6 43. Rb2 Qc8 44. Rbg2 Rh6 45.
Be2 Qa6 46. Bd3 Ke8 47. Be2 R6h7 48. Bd3 Kd7 49. Nd2 Kc8 50. Nf1 Kb8 51.
Rb2 Ka8 52. Rbg2 Rb8 53. Rb2 Rhh8 54. Nd2 hxg4 55. hxg4 Rxh2 56. Kxh2 Qc8
57. Nf1 Qa6 58. Kg1 Rh8 59. Rh2 Rxh2 60. Nxh2 b5 61. cxb5 Bxb5 62. Bxb5
Nxb5 63. Nf1 Nd7 64. Qb3 Nb6 65. Nd2 Na3 66. Kf2 Kb7 67. Nb1 Nac4 68. Bd2
Kc7 69. Bc1 Ne3 70. Bxe3 fxe3+ 71. Kxe3 Qf1 72. Nd2 Qe1+ 73. Kd3 c4+ 0-1

[Event "8th ch-Euro"]
[Site "Dresden GER"]
[Date "2007.04.03"]
[Round "1"]
[White "Berelovich,A"]
[Black "Hartoch,R"]
[Result "1-0"]
[WhiteElo "2549"]
[BlackElo "2242"]
[EventDate "2007.04.03"]

1. e4 d6 2. d4 Nf6 3. Nc3 g6 4. Be3 c6 5. f3 b5 6. g4 h5 7. g5 Nfd7 8. Qd2
Nb6 9. f4 d5 10. exd5 b4 11. Ne4 Nxd5 12. Nf3 Bf5 13. Nc5 e6 14. Bg2 Bxc2
15. O-O Bf5 16. Ne5 Bxc5 17. dxc5 O-O 18. Bd4 a5 19. Nc4 Na6 20. Nd6 Nac7
21. Qe2 Qd7 22. Rad1 Kh7 23. Kh1 f6 24. gxf6 Nxf6 25. Nxf5 gxf5 26. Be5
Ncd5 27. Bd6 Rfe8 28. Rf3 Qf7 29. Rh3 Ng4 30. Rg3 e5 31. fxe5 Nf4 32. Qf3
Nxg2 33. Rxg2 Re6 34. h3 Nh6 35. Qxc6 Rae8 36. Rdg1 f4 37. Qf3 Rg8 38. Rxg8
Nxg8 39. c6 Ne7 40. c7 Nc8 41. Rg5 Rh6 42. Qe4+ Kh8 43. e6 1-0

[Event "8th ch-Euro"]
[Site "Dresden GER"]
[Date "2007.04.03"]
[Round "1"]
[White "David,Alb"]
[Black "Johansen,P"]
[Result "1-0"]
[WhiteElo "2528"]
[BlackElo "2108"]
[EventDate "2007.04.03"]

1. e4 e6 2. d4 d5 3. Nc3 Nf6 4. e5 Nfd7 5. f4 a6 6. Nf3 c5 7. Be3 cxd4 8.
Nxd4 Nc6 9. Qg4 Nxd4 10. Bxd4 f5 11. exf6 Nxf6 12. Qg3 Qc7 13. Be5 Qf7 14.
O-O-O Bd7 15. f5 Be7 16. fxe6 Bxe6 17. Bd3 O-O 18. Rhf1 Rac8 19. Rde1 Rc6
20. Ne2 Kh8 21. Nd4 Rb6 22. Bc7 Rc6 23. Nxc6 bxc6 24. Bd6 Re8 25. Bxe7 Qxe7
26. Bf5 Qd7 27. Rxe6 Rxe6 28. Qh3 Qb7 29. Bxe6 Qb5 1-0

[Event "8th ch-Euro"]
[Site "Dresden GER"]
[Date "2007.04.03"]
[Round "1"]
[White "Neverov,V"]
[Black "Kongevold,H"]
[Result "1-0"]
[WhiteElo "2539"]
[BlackElo "2178"]
[EventDate "2007.04.03"]

1. d4 f5 2. Nc3 d5 3. Bf4 Nf6 4. e3 c6 5. Bd3 e6 6. Nf3 Be7 7. h3 O-O 8.
O-O Ne4 9. Ne2 Nd7 10. c4 Ndf6 11. Ne5 Nh5 12. Bh2 Bg5 13. Kh1 Bh4 14. g3
Bg5 15. f3 Nd6 16. g4 fxg4 17. hxg4 Nf6 18. c5 Nc4 19. Bxc4 dxc4 20. e4 b5
21. Qc2 Qe8 22. f4 Bh4 23. Nf3 Nxg4 24. Nxh4 Qh5 25. Nf3 Ne3 26. Qd2 Nxf1
27. Rxf1 a5 28. Ne5 Bb7 29. Rg1 Rad8 30. Qe3 b4 31. Rg5 Qh4 32. Qg1 g6 33.
Kg2 Rf6 34. Bg3 Qh6 1-0

[Event "8th ch-Euro"]
[Site "Dresden GER"]
[Date "2007.04.03"]
[Round "1"]
[White "Smirnov,P"]
[Black "Loeffler,S"]
[Result "1/2-1/2"]
[WhiteElo "2621"]
[BlackElo "2448"]
[EventDate "2007.04.03"]

1. e4 Nf6 2. e5 Nd5 3. d4 d6 4. Nf3 dxe5 5. Nxe5 c6 6. Bc4 Nd7 7. Nf3 N7f6
8. O-O Bg4 9. h3 Bxf3 10. Qxf3 Nb6 11. Bb3 Qxd4 12. Nc3 e6 13. Be3 Qe5 14.
Rfe1 Bd6 15. Rad1 O-O-O 16. Bxb6 Qh2+ 17. Kf1 axb6 18. Ne4 Nxe4 19. Rxe4
Be5 20. Rxd8+ Rxd8 21. Qxf7 Bxb2 22. Bxe6+ Kb8 23. Qf4+ Qxf4 24. Rxf4 b5
1/2-1/2

[Event "8th ch-Euro"]
[Site "Dresden GER"]
[Date "2007.04.03"]
[Round "1"]
[White "Magar,J"]
[Black "Iljushin,A"]
[Result "0-1"]
[WhiteElo "2093"]
[BlackElo "2510"]
[EventDate "2007.04.03"]

1. e4 c5 2. Nf3 Nc6 3. Bb5 g6 4. Bxc6 dxc6 5. d3 Bg7 6. h3 Nh6 7. O-O f6 8.
Nc3 Nf7 9. Be3 b6 10. Qd2 O-O 11. a3 e5 12. Nh2 Be6 13. f4 exf4 14. Bxf4 f5
15. exf5 Bxf5 16. Nf3 Qd7 17. Rae1 Rae8 18. Kh1 Rxe1 19. Rxe1 Re8 20. a4
Rxe1+ 21. Qxe1 c4 22. g4 Be6 23. dxc4 Bxc4 24. Kh2 h5 25. gxh5 gxh5 26. Qh4
Qf5 27. Ng5 Qxc2+ 0-1

[Event "8th ch-Euro"]
[Site "Dresden GER"]
[Date "2007.04.03"]
[Round "1"]
[White "Beckhuis,G"]
[Black "Iordachescu,V"]
[Result "1/2-1/2"]
[WhiteElo "2313"]
[BlackElo "2563"]
[EventDate "2007.04.03"]

1. Nf3 Nf6 2. c4 e6 3. Nc3 Bb4 4. Qc2 c5 5. a3 Ba5 6. e3 O-O 7. Be2 Nc6 8.
O-O e5 9. d4 Bxc3 10. Qxc3 cxd4 11. exd4 d6 12. dxe5 dxe5 13. Rd1 Qe7 14.
h3 a5 15. b3 Re8 16. Bb2 Nd7 17. Rd5 f6 18. Rad1 Nc5 19. Qe3 Ne6 20. Bf1
Nf4 21. R5d2 Be6 22. Kh2 Qf7 23. g3 Ng6 24. a4 Nge7 25. Bg2 Nf5 26. Qb6 Qc7
27. g4 Nh6 28. Rd6 Ra6 29. Qe3 Bxg4 30. Qd2 Bc8 31. Ng1 Nf7 32. Rd3 Nb4 33.
Rg3 Rd6 34. Qe2 Rxd1 35. Qxd1 Rd8 36. Qe2 Nh6 37. Ba3 Nf5 38. Bxb4 axb4 39.
Rd3 Nd4 40. Qd1 Bf5 41. Rd2 Kf8 42. Bd5 Be6 43. Nf3 Nxf3+ 44. Bxf3 Rxd2 45.
Qxd2 f5 46. Bd5 Bc8 47. Qe3 Qd6 48. a5 Ke7 49. Qa7 e4+ 50. Kh1 Kd8 51. Bxb7
e3 52. fxe3 Qd1+ 53. Kh2 Qd6+ 54. Kh1 Qd1+ 55. Kh2 Qd6+ 56. Kh1 1/2-1/2

[Event "8th ch-Euro"]
[Site "Dresden GER"]
[Date "2007.04.03"]
[Round "1"]
[White "Murariu,A"]
[Black "Sargissian,G"]
[Result "1/2-1/2"]
[WhiteElo "2501"]
[BlackElo "2658"]
[EventDate "2007.04.03"]

1. e4 e5 2. Nf3 Nc6 3. d4 exd4 4. Nxd4 Bc5 5. Nb3 Bb6 6. Nc3 Nf6 7. Bg5 h6
8. Bh4 d6 9. Qe2 Be6 10. O-O-O O-O 11. f3 a5 12. Na4 Ba7 13. Qe1 Qe7 14.
Kb1 Ne5 15. Nc3 c6 16. Nd4 Ng6 17. Nf5 Bxf5 18. exf5 Qxe1 19. Bxe1 Ne7 20.
Ne4 Nxf5 21. Nxf6+ gxf6 22. Bxa5 Ne3 23. Re1 Rfe8 24. Bd2 Nxf1 25. Rhxf1
Kg7 26. c4 Re6 27. Kc2 f5 28. a4 Rd8 29. b4 h5 30. g3 Rde8 31. Kd3 Kf6 32.
a5 Ke7 33. b5 Kd7 34. a6 cxb5 35. cxb5 bxa6 36. bxa6 d5 37. Rxe6 Rxe6 38.
Ra1 Kc6 39. Rb1 Bb6 40. Ba5 Bc5 41. Bb4 Bb6 42. Ba5 Bc5 43. Bb4 Bb6 1/2-1/2

[Event "8th ch-Euro"]
[Site "Dresden GER"]
[Date "2007.04.04"]
[Round "2"]
[White "Eljanov,P"]
[Black "Arutinian,D"]
[Result "1/2-1/2"]
[WhiteElo "2675"]
[BlackElo "2552"]
[EventDate "2007.04.03"]

1. d4 Nf6 2. c4 e6 3. Nf3 d5 4. Nc3 Bb4 5. cxd5 exd5 6. Bg5 O-O 7. e3 c5 8.
dxc5 Bxc3+ 9. bxc3 Be6 10. Bb5 h6 11. Bxf6 Qxf6 12. Qd4 Qe7 13. Nd2 Rc8 14.
Nb3 a6 15. Ba4 b5 16. cxb6 Rc4 17. b7 Qxb7 18. Qd1 Qc7 19. Nd4 Rxc3 20. Qd2
Rc4 21. Bb3 Rc5 22. O-O Nd7 23. Rac1 Rc8 24. Rxc5 Qxc5 25. e4 Nf6 26. Nxe6
fxe6 27. exd5 exd5 28. Rd1 Kh8 29. g3 Ne4 30. Qd4 Nc3 31. Qxc5 Rxc5 32. Re1
Kg8 33. Re7 a5 34. a4 Kf8 35. Rd7 g5 36. Kg2 Rc6 37. Bxd5 Rb6 38. Rf7+ Ke8
39. Rf5 Nxa4 40. Bf3 Rd6 41. Rxa5 Nb6 42. h4 gxh4 43. g4 Nd7 44. Rh5 Ke7
45. Rxh4 Ne5 46. Be4 Kf8 47. Kg3 Nd7 48. Rh1 Nf6 49. Bf5 Ra6 50. Rc1 Ra7
51. Rc6 Kg7 52. f3 Re7 53. Bd3 Rd7 54. Bc2 Re7 55. Bb3 Rb7 56. Bc4 Ra7 57.
Kf4 Nd7 58. Bb5 Nf8 59. Bd3 Rf7+ 60. Kg3 Rf6 61. Rc4 Rf7 62. Rc6 Rf6 63.
Rc8 Rf7 64. Bc4 Ra7 65. Re8 Rc7 66. Bd3 Rd7 67. Bf5 Rf7 68. Be4 Ra7 69. Rc8
Rf7 70. Bd5 Rd7 71. Bc4 Re7 72. Bb3 Rb7 73. Bc2 Ra7 74. Rc6 Rf7 75. Bb3 Rb7
76. Bd5 Rd7 77. Be4 Rf7 78. Kh4 Rf6 79. Rxf6 Kxf6 80. Bf5 Kf7 81. Kh5 Kg7
82. f4 Kh8 83. Kxh6 Ne6 84. Bb1 Nxf4 85. Ba2 Ng6 86. Bb3 Ne5 87. g5 Nf7+
1/2-1/2

[Event "8th ch-Euro"]
[Site "Dresden GER"]
[Date "2007.04.04"]
[Round "2"]
[White "Baramidze,D"]
[Black "Timofeev,Arty"]
[Result "1/2-1/2"]
[WhiteElo "2561"]
[BlackElo "2663"]
[EventDate "2007.04.03"]

1. e4 c5 2. Nf3 Nc6 3. d4 cxd4 4. Nxd4 g6 5. c4 Nf6 6. Nc3 Nxd4 7. Qxd4 d6
8. Be3 Bg7 9. Be2 O-O 10. Qd2 a5 11. O-O a4 12. Rac1 Qa5 13. Rfd1 Be6 14.
f3 Rfc8 15. Nb5 Nd7 16. Nd4 Nc5 17. Nxe6 Qxd2 18. Rxd2 fxe6 19. Bxc5 Rxc5
20. Rb1 Bh6 21. Rdd1 Be3+ 22. Kf1 e5 23. b4 axb3 24. Rxb3 Bd4 25. Rxb7 Kf7
26. Rd2 Rca5 27. c5 Rxc5 28. Rb1 Kf6 29. Bd1 Rc3 30. Bb3 h5 31. Rbd1 h4 32.
Rd3 Rxd3 33. Rxd3 Rc8 34. h3 Kg5 35. Rd2 Rc1+ 36. Rd1 Rc3 37. Rd2 Kf4 38.
Rc2 Re3 39. Bf7 g5 40. a4 Bc3 41. Re2 Rd3 42. Ra2 Ba5 43. Ke2 Re3+ 44. Kd1
Kg3 45. Re2 Ra3 46. Be8 Bb6 47. Kc2 Bd4 48. Bd7 Rc3+ 49. Kb1 Rc7 50. Bg4
Rb7+ 51. Ka2 Bf2 52. Rb2 Ra7 53. Kb3 Kxg2 54. Ra2 Kg3 55. a5 e6 56. a6 Bd4
57. Kc4 d5+ 58. Kd3 Rf7 1/2-1/2

[Event "8th ch-Euro"]
[Site "Dresden GER"]
[Date "2007.04.04"]
[Round "2"]
[White "Naumann,A"]
[Black "Volokitin,And"]
[Result "0-1"]
[WhiteElo "2549"]
[BlackElo "2645"]
[EventDate "2007.04.03"]

1. e4 c5 2. Nf3 d6 3. d4 cxd4 4. Nxd4 Nf6 5. Nc3 a6 6. Bc4 e6 7. Bb3 Nbd7
8. Bg5 Nc5 9. Qe2 Be7 10. f4 h6 11. Bxf6 Bxf6 12. O-O-O Qb6 13. e5 dxe5 14.
fxe5 Be7 15. g4 Qc7 16. h4 b5 17. Bd5 exd5 18. Nxd5 Qb7 19. Nxe7 Kxe7 20.
e6 Nxe6 21. Rhf1 Rd8 22. Nf5+ Kf8 23. Nd6 Rxd6 24. Rxd6 Qe7 25. Qe5 Qxh4
26. Qe4 Ra7 27. Rc6 Rc7 28. Rxc7 Nxc7 29. Qh7 Qxg4 30. Re1 Be6 31. Qh8+ Ke7
32. Rd1 Ne8 0-1

[Event "8th ch-Euro"]
[Site "Dresden GER"]
[Date "2007.04.04"]
[Round "2"]
[White "Cvitan,O"]
[Black "Areshchenko,A"]
[Result "1/2-1/2"]
[WhiteElo "2536"]
[BlackElo "2644"]
[EventDate "2007.04.03"]

1. Nf3 Nf6 2. c4 g6 3. g3 Bg7 4. Bg2 d5 5. cxd5 Nxd5 6. Nc3 Nb6 7. O-O Nc6
8. d3 O-O 9. Be3 e5 10. Qd2 Re8 11. Bh6 Bh8 12. Ne4 Nd5 13. Rfc1 Nd4 14.
Nxd4 exd4 15. Bf3 c6 16. h4 f5 17. Ng5 Qd6 18. Qc2 Re7 19. Qb3 a5 20. Rc4
Bg7 21. Bxg7 Kxg7 22. Rxd4 h6 23. Nh3 Qf6 24. Rxd5 cxd5 25. Nf4 Be6 26.
Bxd5 Bf7 27. Bxf7 Qxf7 28. Qc3+ Kh7 29. e3 g5 30. hxg5 hxg5 31. Ne2 Kg6 32.
Rc1 Rd7 33. Nd4 Qd5 34. Qc5 f4 35. Qxd5 Rxd5 36. gxf4 gxf4 37. Ne6 Rb5 38.
Nxf4+ Kf6 39. Rc2 a4 40. a3 Ra6 41. Ne2 Rab6 42. Rc4 Rxb2 43. Nc3 R6b3 44.
Nxa4 Rb1+ 45. Kg2 Rxd3 46. Nc3 Rb3 47. Ne4+ Ke5 48. Kf3 Rxa3 49. Rc5+ Rd5
50. Rc7 Rb5 51. Rh7 Rb2 52. Rh5+ Ke6 53. Kf4 Ra8 54. Rh6+ Kd5 55. Rd6+ Kc4
56. Rd4+ Kb5 57. Ke5 Ka5 58. Nd6 b5 59. f4 Re2 60. e4 b4 61. Nc4+ Ka6 62.
Nd6 Rb8 63. f5 Ra2 64. f6 b3 65. f7 b2 66. Rb4 Ra5+ 67. Ke6 Rxb4 68. f8=Q
b1=Q 69. Qa8+ Kb6 70. Qb7+ Kc5 71. Qd5+ Kb6 1/2-1/2